SCHAUM'S OUTLINE OF THEORY AND PROBLEMS OF PROGRAMMING WITH JAVA (Record no. 183804)
[ view plain ]
| 000 -LEADER | |
|---|---|
| fixed length control field | 00535nam a2200181Ia 4500 |
| 003 - CONTROL NUMBER IDENTIFIER | |
| control field | OSt |
| 005 - DATE AND TIME OF LATEST TRANSACTION | |
| control field | 20251117154649.0 |
| 020 ## - INTERNATIONAL STANDARD BOOK NUMBER | |
| International Standard Book Number | 0-07-142040-1 |
| 040 ## - CATALOGING SOURCE | |
| Transcribing agency | LIBRARY OF CONGRESS |
| 050 ## - LIBRARY OF CONGRESS CALL NUMBER | |
| Classification number | QA 76.73 .J38 2004 |
| 100 ## - MAIN ENTRY--PERSONAL NAME | |
| Personal name | HUBBARD ,JOHN R. |
| 245 #0 - TITLE STATEMENT | |
| Title | SCHAUM'S OUTLINE OF THEORY AND PROBLEMS OF PROGRAMMING WITH JAVA |
| 260 ## - PUBLICATION, DISTRIBUTION, ETC. | |
| Place of publication, distribution, etc. | NEW YORK |
| Name of publisher, distributor, etc. | MCGRAW-HILL |
| Date of publication, distribution, etc. | 2004 |
| 300 ## - PHYSICAL DESCRIPTION | |
| Extent | XII, 345 P.: ILL |
| 500 ## - GENERAL NOTE | |
| General note | INCLUDES BIBLIOGRAPHICAL REFERENCES AND INDEX |
| 600 ## - SUBJECT ADDED ENTRY--PERSONAL NAME | |
| Personal name | JAVA (COMPUTER PROGRAM LANGUAGE) |
| 942 ## - ADDED ENTRY ELEMENTS (KOHA) | |
| Koha item type | Long Loan Book |
| Source of classification or shelving scheme | Library of Congress Classification |
| Suppress in OPAC | No |
| Withdrawn status | Lost status | Source of classification or shelving scheme | Damaged status | Not for loan | Collection | Home library | Current library | Shelving location | Date acquired | Inventory number | Total checkouts | Full call number | Barcode | Date last seen | Copy number | Price effective from | Koha item type |
|---|---|---|---|---|---|---|---|---|---|---|---|---|---|---|---|---|---|
| Library of Congress Classification | Science & Technology | Kisii University Library | Kisii University Library | On Display | 11/17/2025 | 29117 | QA 76.73 .J38 2004 | 018451 | 11/17/2025 | 1 | 11/17/2025 | Long Loan Book |